Normal view
MARC view
- Barnett, Graham K
Entry Personal Name
001 - CONTROL NUMBER
- control field: 101642
003 - CONTROL NUMBER IDENTIFIER
- control field: NUST
005 - DATE AND TIME OF LATEST TRANSACTION
- control field: 20221028142708.0
008 - FIXED-LENGTH DATA ELEMENTS
- fixed length control field: 221028|| aca||aabn | a|a d
040 ## - CATALOGING SOURCE
- Original cataloging agency: NUST
- Transcribing agency: NUST
100 ## - HEADING--PERSONAL NAME
- Personal name: Barnett, Graham K
670 ## - SOURCE DATA FOUND
- Source citation: Work cat.: (NUST)179725: Barnett, Michael P. 101638, Personal graphics for profit and pleasure on the Apple? II Plus computer / , c1983.
